000 00884nam a22002295i 4500
001 158588
003 ES-MaACL
005 20250727062616.0
008 010730m18901891fr ac |||| | fre d
040 _aCCPB | B
_bspa
_cCCPB | B
080 _a330.84/86
100 1 _aMalon, Benoit.
_9129396
245 1 3 _aLe socialisme integral /
_cpar B. Malon.
260 _aParis :
_bFélix Alcan : Libraire de la Revue Socialiste,
_c[1890]-1891.
300 _a2 v. (469 p., [1] h. de grab. ; 462 p.) ;
_c24 cm.
505 8 _aContiene: I. Histoire des théories et tendances générales -- II. Des reformes possibles et des moyens pratiques
596 _aFecha de la dedicatoria del vol. I, 1890.
599 _aLa h. de grab. es litogr., retrato del autor.
650 7 _aSocialismo
_2embne
_917147
852 _aES-MaACL
_jC-2774-75
_z-- Enc. pasta española
999 _c158588
_d158588